Memoria presentada por el Gobierno de España, de conformidad con las disposiciones del artículo 22 de la constitución de la Organización Internacional del Trabajo, correspondiente al periodo que termina el 1 de junio de 2002, acerca de las medidas adoptadas para dar efectividad a las disposiciones del Convenio núm. 103, sobre la protección de la maternidad (ratificado), 1952, cuya ratificación formal ha sido ratificada el 17 de agosto de 1965 / (Record no. 10799)

MARC details
000 -LEADER
campo de control de longitud fija 01411nam a2200361Ia 4500
001 - NÚMERO DE CONTROL
campo de control 006560
008 - DATOS DE LONGITUD FIJA--INFORMACIÓN GENERAL
campo de control de longitud fija 221003s2002 xx 000 0 spa d
035 ## - NÚMERO DE CONTROL DEL SISTEMA
Número de control de sistema CENDO_10800
041 ## - CÓDIGO DE IDIOMA
Código de lengua del texto/banda sonora o título independiente spa
Código de lengua del sumario o resumen
084 ## - OTRO NÚMERO DE CLASIFICACIÓN
Número de clasificación MU-00044-00022
110 ## - ENTRADA PRINCIPAL--NOMBRE DE ENTIDAD CORPORATIVA
Nombre de entidad corporativa o nombre de jurisdicción como elemento de entrada ESPAÑA.
Unidad subordinada Gobierno
9 (RLIN) 3074
245 #0 - MENCIÓN DEL TÍTULO
Título Memoria presentada por el Gobierno de España, de conformidad con las disposiciones del artículo 22 de la constitución de la Organización Internacional del Trabajo, correspondiente al periodo que termina el 1 de junio de 2002, acerca de las medidas adoptadas para dar efectividad a las disposiciones del Convenio núm. 103, sobre la protección de la maternidad (ratificado), 1952, cuya ratificación formal ha sido ratificada el 17 de agosto de 1965 /
Mención de responsabilidad, etc. [Gobierno de España]
260 ## - PUBLICACIÓN, DISTRIBUCIÓN, ETC.
Lugar de publicación, distribución, etc. [S.l. :
Nombre del editor, distribuidor, etc. s.n.],
Fecha de publicación, distribución, etc. 2002
300 ## - DESCRIPCIÓN FÍSICA
Extensión 25 h. ;
Dimensiones 30 cm
650 ## - PUNTO DE ACCESO ADICIONAL DE MATERIA--TÉRMINO DE MATERIA
Término de materia o nombre geográfico como elemento de entrada MUJERES
9 (RLIN) 199
650 ## - PUNTO DE ACCESO ADICIONAL DE MATERIA--TÉRMINO DE MATERIA
Término de materia o nombre geográfico como elemento de entrada PRESTACIONES DE MATERNIDAD
9 (RLIN) 1419
650 ## - PUNTO DE ACCESO ADICIONAL DE MATERIA--TÉRMINO DE MATERIA
Término de materia o nombre geográfico como elemento de entrada LICENCIA DE MATERNIDAD
9 (RLIN) 4439
650 ## - PUNTO DE ACCESO ADICIONAL DE MATERIA--TÉRMINO DE MATERIA
Término de materia o nombre geográfico como elemento de entrada MATERNIDAD
9 (RLIN) 1669
650 ## - PUNTO DE ACCESO ADICIONAL DE MATERIA--TÉRMINO DE MATERIA
Término de materia o nombre geográfico como elemento de entrada LACTANCIA
9 (RLIN) 7051
650 ## - PUNTO DE ACCESO ADICIONAL DE MATERIA--TÉRMINO DE MATERIA
Término de materia o nombre geográfico como elemento de entrada ESPAÑA
9 (RLIN) 9
650 ## - PUNTO DE ACCESO ADICIONAL DE MATERIA--TÉRMINO DE MATERIA
Término de materia o nombre geográfico como elemento de entrada CONVENIO DE LA OIT
9 (RLIN) 1136
650 ## - PUNTO DE ACCESO ADICIONAL DE MATERIA--TÉRMINO DE MATERIA
Término de materia o nombre geográfico como elemento de entrada LEGISLACION
9 (RLIN) 111
650 ## - PUNTO DE ACCESO ADICIONAL DE MATERIA--TÉRMINO DE MATERIA
Término de materia o nombre geográfico como elemento de entrada INFORME DE ACTIVIDADES
9 (RLIN) 1981
710 ## - ENTRADA AGREGADA--NOMBRE DE ENTIDAD CORPORATIVA
Nombre de entidad corporativa o nombre de jurisdicción como elemento de entrada OIT
9 (RLIN) 384
710 ## - ENTRADA AGREGADA--NOMBRE DE ENTIDAD CORPORATIVA
Nombre de entidad corporativa o nombre de jurisdicción como elemento de entrada ORGANIZACION INTERNACIONAL DEL TRABAJO
9 (RLIN) 383
901 ## - ELEMENTOS DE DATOS A LOCAL LDA (RLIN)
a 2
903 ## - ELEMENTOS DE DATOS C LOCAL, LDC (RLIN)
a NO
904 ## - ELEMENTOS DE DATOS D LOCAL, LDD (RLIN)
a 000
953 ## -
-- 2002-11-20
-- DOCUMENTO
-- MU-00044-00022
910 ## - DATOS DE OPCIÓN DEL USUARIO (OCLC)
Datos de opción del usuario 2002
942 ## - ELEMENTOS DE ENTRADA SECUNDARIOS (KOHA)
Tipo de ítem Koha Documento
Holdings
Estatus retirado Estado de pérdida Estado de daño No para préstamo Biblioteca de origen Biblioteca actual Fecha de adquisición Total de préstamos Signatura topográfica completa Código de barras Visto por última vez Precio de reemplazo Tipo de ítem Koha
        CENDO CENDO 20/11/2002   MU-00044-00022 CENDO_10800 05/10/2022 05/10/2022 Documento